Effect of Lead on Some Physiological and biochemical aspects of nile tilapia : (رقم التسجيلة. 179614)

تفاصيل مارك
000 -LEADER
fixed length control field 01464namaa22003251i 4500
005 - أخر تعامل مع التسجيلة
control field 20260505120452.0
008 - FIXED-LENGTH DATA ELEMENTS--GENERAL INFORMATION
fixed length control field 260420s1994 ua a|||frm||| 000 0 eng d
040 ## - CATALOGING SOURCE
Original cataloguing agency EG-GICUC
Language of cataloging eng
Transcribing agency EG-GICUC
Modifying agency EG-GICUC
Description conventions rda
041 0# - LANGUAGE CODE
Language code of text/sound track or separate title eng
Language code of summary or abstract eng
-- ara
049 ## - Acquisition Source
Acquisition Source Deposit
097 ## - Degree
Degree M.Sc
099 ## - LOCAL FREE-TEXT CALL NUMBER (OCLC)
Local Call Number Cai01.12.21.M.Sc.1994.Ho.E.
100 0# - MAIN ENTRY--PERSONAL NAME
Authority record control number or standard number Hossam Hassan Hussein Abbas,
Preparation preparation.
245 10 - TITLE STATEMENT
Title Effect of Lead on Some Physiological and biochemical aspects of nile tilapia :
Remainder of title Oreochromis Niloticus /
Statement of responsibility, etc. By Hossam Hassan Hussein Abbas ; Supeervised Dr. Haggag Ali Mohamed, Dr. Mohamed Assem Marei, Dr. Gamel El-Naggar
246 15 - VARYING FORM OF TITLE
Title proper/short title تاثير الرصاص علي بعض الصفات الفسيولوجية والبيوكيميائية لسمك البلطي النيلي :
Remainder of title اريوكرومس نيلوتكس /
264 #0 - PRODUCTION, PUBLICATION, DISTRIBUTION, MANUFACTURE, AND COPYRIGHT NOTICE
Date of production, publication, distribution, manufacture, or copyright notice 1994.
300 ## - PHYSICAL DESCRIPTION
Extent 99 Leaves :
Other physical details illustrations
Dimensions 30 cm. +
336 ## - CONTENT TYPE
Source rda content
Content type term text
337 ## - MEDIA TYPE
Source rdamedia
Media type term Unmediated
338 ## - CARRIER TYPE
Source rdacarrier
Carrier type term volume
502 ## - DISSERTATION NOTE
Dissertation note Thesis (M.Sc.)-Cairo University, 1994
504 ## - BIBLIOGRAPHY, ETC. NOTE
Bibliography, etc. note Bibliography: pages 69-99
653 #0 - INDEX TERM--UNCONTROLLED
Uncontrolled term Nile tilapia
700 0# - ADDED ENTRY--PERSONAL NAME
Personal name Haggag Ali Mohamed
Relator term thesis advisor.
700 0# - ADDED ENTRY--PERSONAL NAME
Personal name Mohamed Assem Marei
Relator term thesis advisor.
700 0# - ADDED ENTRY--PERSONAL NAME
Personal name Gamal El-Naggar
Relator term thesis advisor.
900 ## - Thesis Information
Department Department of Zoology
Faculties Faculty of Science
Universities Cairo University
Grant date 1994
Supervisory body Haggag Ali Mohamed
-- Mohamed Assem Marei
-- Gamal El-Naggar
905 ## - Cataloger and Reviser Names
Cataloger Name Nehad
Reviser Names Nourhan
942 ## - ADDED ENTRY ELEMENTS (KOHA)
Source of classification or shelving scheme Dewey Decimal Classification
Koha item type Thesis
Edition 21
Suppress in OPAC No
المقتنيات
Source of classification or shelving scheme Home library Current library Date acquired Inventory number Full call number Barcode Date last seen Effective from Koha item type
Dewey Decimal Classification المكتبة المركزبة الجديدة - جامعة القاهرة مكتبة المئوية 20.04.2026 26113 Cai01.12.21.M.Sc.1994.Ho.E 01010110026113000 20.04.2026 20.04.2026 Thesis
Cairo University Libraries Portal Implemented & Customized by: Eng. M. Mohamady Contacts: new-lib@cl.cu.edu.eg | cnul@cl.cu.edu.eg
CUCL logo CNUL logo
© All rights reserved — Cairo University Libraries
CUCL logo
Implemented & Customized by: Eng. M. Mohamady Contact: new-lib@cl.cu.edu.eg © All rights reserved — New Central Library
CNUL logo
Implemented & Customized by: Eng. M. Mohamady Contact: cnul@cl.cu.edu.eg © All rights reserved — Cairo National University Library